Normal view
MARC view
- Microbiology
Entry Topical Term
001 - CONTROL NUMBER
- control field: 2732
003 - CONTROL NUMBER IDENTIFIER
- control field: NUST
005 - DATE AND TIME OF LATEST TRANSACTION
- control field: 20170615124548.0
008 - FIXED-LENGTH DATA ELEMENTS
- fixed length control field: 170615|| aca||aabn | a|a d
040 ## - CATALOGING SOURCE
- Original cataloging agency: NUST
- Transcribing agency: NUST
150 ## - HEADING--TOPICAL TERM
- Topical term or geographic name entry element: Microbiology
- General subdivision: Cultures and culture media
- Form subdivision: Handbooks, manuals, etc.
670 ## - SOURCE DATA FOUND
- Source citation: Work cat.: (NUST)0: Atlas, Ronald M., 1946- 2535, Handbook of microbiological media /
